Регионална библиотека "Любен Каравелов" - Русе

Международноправно сътрудничество и борбата с тероризма (Запис номер 7886)

MARC детайли
000 -Лидер
Контролно поле с фиксирана дължина 01727nam a2200337 c 4500
003 - Код на организацията, давaща контролен номер
Контролно поле BLK
005 - Дата и час на последна редакция
Контролно поле 20180420214251.0
008 - Елементи от данни с фиксирана дължина
fixed length control field 180412b bul|||||r ||||||| ||bul||
010 ## - Наследен системен номер
LC control number KNG00009219000
020 ## - Международен стандартен номер на книга ISBN
Международен стандартен номер на книга ISBN 954-430-363-4
-- издат.: Акад. изд. Проф. Марин Дринов
040 ## - Източник на каталожния запис
Идентификатор на билиотеката - собственик на записа BLK
041 ## - Код за език
Код за езика на текст/звукозапис или на отделно заглавие Български
Код за езика КДБФ Български
080 ## - УДК
Текстов определител УДК Политическо преследване. Терористични действия. Тероризъм - Атентати, политически убийства. Вж и 343.1 ; 343.3/.7
УДК код - определител по УДК 323.28
УДК определител .000.34
УДК - код + определител 323.28.000.34
080 ## - УДК
Текстов определител УДК Международно наказателно право. Наказуеми действия в общото и в международното право. Наказуеми лица. Екстрадиция(правни аспекти)
УДК код - определител по УДК 341.4
УДК определител
УДК - код + определител 341.4
100 1# - Редна дума - Автор
Автор Йотов, Борислав Генов
Авторска отговорност първи автор
R(LIN) 252999
139 ## - Редно поле
Редна дума Йотов, Борислав Генов
Авторски знак Иот - И 85
245 10 - Сведения за заглавието
Заглавие Международноправно сътрудничество и борбата с тероризма
Редно поле (дума) Борислав Генов Йотов.
257 ## - Страна на издаване
Страна на създаване/издаване България
260 ## - Област на издателските данни
-- София
Име на издателя, разпространителя и проч. Акад. изд. Проф. Марин Дринов
Година на издаване 1995
300 ## - Физическа характеристика
Страници 104 с.
Размери/Мащаб 21 см
380 ## - Жанр
Жанр Обществени науки
650 #4 - Допълнително описание по предмет – тема
Основно описание – тема или топоним Тероризъм, международен - правни въпроси
9 (RLIN) 253000
650 #4 - Допълнително описание по предмет – тема
Основно описание – тема или топоним Наказателно право, международно
9 (RLIN) 253001
653 ## - Ключова дума – ненормативна
Ключова дума тероризъм
653 ## - Ключова дума – ненормативна
Ключова дума международно право
852 ## - Местоположение
Форматна сигнатура Цб 184407
856 4# - Електронен адрес и достъп
Електронен формат pdf - файл
Път до файла /url/
856 4# - Електронен адрес и достъп
Електронен формат pdf - файл
Път до файла /url/
942 ## - АРТИКУЛИ
Вид на библиотечния материал Книги
Скрит в OPAC Не
944 ## - СЪЗДАВАНЕ И РЕДАКЦИЯ на ЗАПИСА
Създаване/Редакция Създаване
Дата на регистрацията/редакция 15.01.2003
Служител, извършил регистрацията/редакцията Цветанка_Енчева
944 ## - СЪЗДАВАНЕ И РЕДАКЦИЯ на ЗАПИСА
Създаване/Редакция Редакция
Дата на регистрацията/редакция 16.12.2003
Служител, извършил регистрацията/редакцията
999 ## - СИСТЕМНИ КОНТРОЛНИ НОМЕРА
Koha biblionumber 7886
Koha biblioitemnumber 7886
Наличности
Код за отписване Код за изгубен артикул Източник на класификационната схема Код за повреда Коз за рестрикции Код за отдаване Артикулен № Име на библиотеката - собственик Име на библиотеката, в която се намира в момента Статус (Текущо местоположение) Дата на вписване в системата Местоположение - отдел Цена в лева Инвентарен номер Систематично азбучна сигнатура Баркод Номер на екземпляра Цена в евро Служебна бележка Служебен тип на артикула
  Не е изгубен Universal Decimal Classification Не е повреден без рестрикции ползва се в читалня 13613 Регионална библиотека "Любен Каравелов" Русе Регионална библиотека "Любен Каравелов" Русе Хранилище 2001-01-01 Хранилище 0.00 617150 Цб 184407 120000617150 1 0.00 Дост: Dp Вид: Д N: стар фонд Дата: 01.01.2001 Дата инв: 14.08.2014 Бележки инв: Цб2014 Книги
Изтеглен Не е изгубен Universal Decimal Classification Не е повреден без рестрикции заемане за дома 13614 Регионална библиотека "Любен Каравелов" Русе Регионална библиотека "Любен Каравелов" Русе Заемна - подръчен фонд 2003-12-15 Заемна - подръчен фонд 2.00 120000681014 П 323/Й 85 120000681014 2 1.02 Дост: Pk Вид: Ф N: 154 Дата: 15.12.2003 Дата инв: 02.02.2018 Бележки инв: П2018 Книги
Изтеглен Не е изгубен Universal Decimal Classification Не е повреден без рестрикции заемане за дома 13615 Регионална библиотека "Любен Каравелов" Русе Регионална библиотека "Любен Каравелов" Русе Заемна - подръчен фонд 2003-12-15 Заемна - подръчен фонд 2.00 120000681015 П 323/Й 85 120000681015 3 1.02 Дост: Pk Вид: Ф N: 154 Дата: 15.12.2003 Дата инв: 02.02.2018 Бележки инв: П2018 Книги
Vip Innovations Ltd, Rousse, Bulgaria 2025